Statistics for Brawl Stars Brawlers in Order

Click here to take the quiz!

General Stats

  • This quiz has been taken 64 times
    (57 since last reset)
  • The average score is 38 of 57

Answer Stats

HintAnswer% Correct
Original Game (Bear)Nita
96%
Original Game (Starting Brawler)Shelly
96%
Original Game (Bullet Storm)Colt
92%
Original Game (Boom Box)Brock
86%
Original Game (Scrappy)Jessie
84%
Original Game (Tribal)Bo
82%
Original Game (Bush Camp)Bull
82%
Original Game (Bartender)Barley
80%
April 15, 2019Rosa
80%
Original Game (Cactus)Spike
80%
Original Game (Teamer)DynaMike
78%
Original Game (Lucha)El Primo
78%
May 21, 2018Penny
76%
Original Game (Bounce)Rico
76%
Original Game (Poison)Crow
73%
December 5, 2018Leon
73%
Original Game (Shovel)Mortis
73%
May 21 2018Frank
71%
Original Game (Skeleton)Poco
71%
October 23, 2019Emz
69%
September 4, 2017Pam
69%
June 26, 2019Tick
69%
October 22, 2020Amber
67%
December 15, 2020Edgar
67%
March 17, 2020Jacky
65%
September 18, 2019Sandy
65%
September 4, 2017Tara
65%
August 29, 20198-Bit
63%
February 27, 2019Carl
63%
June 16, 2021Buzz
61%
September 10, 2020Colette
61%
December 7, 2017Darryl
61%
July 3, 2017Piper
61%
April 7, 2021 (Later Release)Squeak
61%
December 15, 2020Byron
59%
January 27, 2021Colonel Ruffs
59%
March 1, 2022Eve
59%
May 13, 2020Gale
59%
April 27, 2022Janet
59%
November 11, 2020Lou
59%
April 2020 (Announced in March Update)Sprout
59%
March 15, 2021Stu
59%
July 2, 2020Surge
59%
April 7, 2021Belle
57%
December 16, 2021 (Later Release)Grom
57%
September 28, 2021Meg
57%
January 23, 2020Mr. P
57%
December 18, 2019Bea
55%
April 27, 2022 (Later Release)Bonnie
55%
December 16, 2021Fang
55%
January 29, 2019Gene
55%
June 2020 (Announced in May Update)Nani
55%
August 25, 2021Ash
53%
May 21, 2019Bibi
53%
December 18, 2019Max
51%
June 16, 2021 (Later Release)Griff
49%
October 27, 2021Lola
49%

Score Distribution

Percentile by Number Answered

Percent of People with Each Score

Your Score History

You have not taken this quiz since the last reset